[Event "Howell (US Am N/5/10)"]
[Site "?"]
[Date "1996.??.??"]
[Round "?"]
[White "Moore, Robert"]
[Black "Aldrich, Jeff"]
[Result "0-1"]
[WhiteElo "1700"]
[BlackElo "1915"]
[PlyCount "100"]
[EventDate "1996.??.??"]

{5/(10)} 1. e4 c6 2. d4 d5 3. e5 Bf5 4. Bd3 Bxd3 5. Qxd3 e6 6. Nf3 Ne7 7. Nc3
Nf5 8. Bd2 Be7 9. Ne2 Qb6 10. O-O c5 11. c3 Nc6 12. b3 Rc8 13. Rab1 h6 14. Rfc1
O-O 15. c4 Qa6 16. a3 Rfd8 17. dxc5 dxc4 18. Qxc4 Qxc4 19. Rxc4 Nxe5 20. Nxe5
Rxd2 21. Kf1 Rxc5 22. Rxc5 Bxc5 23. b4 Be7 24. Ke1 Ra2 25. Rb3 Nd6 26. Nd4 Bf6
27. Ndf3 Nb5 28. Nc4 Bc3+ 29. Kf1 e5 30. g3 e4 31. Nh4 Bd4 32. Ne3 g6 33. Nhg2
Bb6 34. Nf4 Nd4 35. Rc3 Nf3 36. Kg2 h5 37. Nfd5 Bd4 38. Rb3 Ra1 39. Nf1 h4 40.
Nde3 f5 41. Nc2 Rxf1 42. Kxf1 Nd2+ 43. Ke2 Nxb3 44. gxh4 Bf6 45. Ke3 Bxh4 46.
f3 exf3 47. Kxf3 Kf7 48. h3 Ke6 49. Ne3 Nd4+ 50. Kg2 f4 0-1

[Event "Ann Arbor (HVA/2/6)"]
[Site "?"]
[Date "1996.??.??"]
[Round "?"]
[White "Moore, Dean"]
[Black "Frantz, John W"]
[Result "0-1"]
[WhiteElo "1605"]
[BlackElo "1605"]
[PlyCount "70"]
[EventDate "1996.??.??"]

{2/(6)} 1. e4 c5 2. Nf3 d6 3. Nc3 g6 4. d4 cxd4 5. Nxd4 Bg7 6. Bb5+ Bd7 7.
Bxd7+ Nxd7 8. Nde2 Ngf6 9. O-O O-O 10. f4 Nc5 11. Ng3 Qb6 12. Kh1 Rad8 13. Nd5
Nxd5 14. Qxd5 e6 15. Qd1 Qc6 16. Qf3 Rd7 17. c3 f5 18. exf5 Qxf3 19. Rxf3 gxf5
20. Bd2 Ne4 21. Rd1 d5 22. Be3 b5 23. Nh5 a5 24. Nxg7 Rxg7 25. Bd4 Rb7 26. a3
Rc8 27. b4 axb4 28. axb4 Ra8 29. Re1 Kf7 30. Rd1 h5 31. h4 Ra2 32. Rfd3 Rb8 33.
Be3 Rg8 34. Bd2 Nf2+ 35. Kg1 Nxd3 0-1

[Event "Ann Arbor (HVA/4/6)"]
[Site "?"]
[Date "1996.??.??"]
[Round "?"]
[White "Moore, Dean"]
[Black "Dushane, M."]
[Result "1-0"]
[WhiteElo "1605"]
[BlackElo "1605"]
[PlyCount "95"]
[EventDate "1996.??.??"]

{4/(6)} 1. e4 e5 2. Nf3 Nc6 3. c3 Nf6 4. d3 Bc5 5. Bg5 h6 6. Bh4 d6 7. Nbd2 g5
8. Bg3 g4 9. Nh4 Nh5 10. Nb3 Nxg3 11. hxg3 b6 12. Be2 Qf6 13. f3 Be6 14. Nd2
Rg8 15. b4 Be3 16. Qc2 gxf3 17. Nhxf3 Rxg3 18. Rf1 Rxg2 19. Kd1 Bg4 20. Nc4 Bf4
21. Ng1 Bxe2+ 22. Nxe2 O-O-O 23. Nd2 Rdg8 24. Nxf4 exf4 25. d4 Rg1 26. Qd3
Rxf1+ 27. Qxf1 Qg5 28. Kc2 f5 29. exf5 Qxf5+ 30. Kb3 Qe6+ 31. Ka3 Qe3 32. Qc1
Nxd4 33. Ka4 Rg5 34. cxd4 Qxd4 35. Nb3 b5+ 36. Ka3 Rg3 37. Qe1 a5 38. Qe8+ Kb7
39. Qxb5+ Kc8 40. Qe8+ Kb7 41. Qb5+ Kc8 42. Re1 axb4+ 43. Ka4 Qa7+ 44. Kxb4 Qb6
45. Re8+ Kb7 46. Na5+ Ka7 47. Nc6+ Kb7 48. Rb8# 1-0

[Event "Ann Arbor (Month Long Swiss/3/3)"]
[Site "?"]
[Date "1996.??.??"]
[Round "?"]
[White "Moore, Dean"]
[Black "Dolin, Jack"]
[Result "0-1"]
[WhiteElo "1605"]
[BlackElo "1605"]
[PlyCount "64"]
[EventDate "1996.??.??"]

{3/(3)} 1. e4 c5 2. Nf3 d6 3. d4 cxd4 4. Nxd4 Nc6 5. Nc3 Nxd4 6. Qxd4 e5 7. Qd1
Nf6 8. Be2 Be6 9. Bg5 h6 10. Bh4 Be7 11. O-O Rc8 12. f4 exf4 13. Rxf4 g5 14.
Rf1 gxh4 15. Qd4 Qb6 16. Qxb6 axb6 17. Rad1 Rg8 18. e5 dxe5 19. Bb5+ Bd7 20.
Rxd7 Nxd7 21. Rd1 Bc5+ 22. Kf1 Bd4 23. Nd5 Rc6 24. c3 Bc5 25. b4 Be7 26. Ba4 h3
27. g3 Rd6 28. c4 Kd8 29. Ke2 Rg4 30. Bxd7 Rxd7 31. Rc1 b5 32. Ke3 Rxc4 0-1

[Event "Ann Arbor (Month Long Swiss/1/4)"]
[Site "?"]
[Date "1996.??.??"]
[Round "?"]
[White "Moore, Dean"]
[Black "Caldwell, B."]
[Result "1-0"]
[WhiteElo "1605"]
[BlackElo "1605"]
[PlyCount "68"]
[EventDate "1996.??.??"]

{1/(4)} 1. e4 e5 2. Nf3 Nc6 3. Nc3 Nf6 4. d3 Be7 5. Be2 O-O 6. a3 d5 7. exd5
Nxd5 8. Nxd5 Qxd5 9. c4 Qd6 10. O-O Qg6 11. Re1 Bf5 12. Qc2 Rad8 13. Rd1 e4 14.
dxe4 Bxe4 15. Qc3 Bf6 16. Qe3 Nd4 17. Rxd4 Bxd4 18. Qf4 Rfe8 19. g3 Bxf3 20.
Qxf3 Qc2 21. Be3 Bxe3 22. fxe3 Rd2 23. Rf1 Re7 24. Qxb7 Kf8 25. Qf3 Rxe2 26. b4
Rxh2 27. Rd1 Rd2 28. Rf1 Qb2 29. e4 Rc2 30. Re1 Rc1 31. Rxc1 Qxc1+ 32. Kg2 Qc2+
33. Kh3 Qxc4 34. e5 Qe6+ {[1-0, time]} 1-0

[Event "Detroit (WCO/5/2)"]
[Site "?"]
[Date "1996.??.??"]
[Round "?"]
[White "Moody, David"]
[Black "Wright, Ken"]
[Result "1-0"]
[WhiteElo "2000"]
[BlackElo "1615"]
[PlyCount "63"]
[EventDate "1996.??.??"]

{5/(2)} 1. e4 d6 2. d4 Nf6 3. Nc3 h6 4. f4 e6 5. Nf3 c6 6. Bd3 Be7 7. O-O Nbd7
8. h3 Nh7 9. Qe2 Ndf6 10. Be3 Nh5 11. Qf2 g6 12. Rae1 Qc7 13. g4 Ng7 14. f5 Ng5
15. Nxg5 hxg5 16. f6 Bf8 17. fxg7 Bxg7 18. Bxg5 Rxh3 19. Kg2 Rh8 20. Bf6 d5 21.
e5 Bxf6 22. Qxf6 Rg8 23. Re3 Qe7 24. Ref3 Qxf6 25. Rxf6 Rg7 26. Rh1 Kd7 27. Rh8
a5 28. Na4 Kc7 29. Rf8 b6 30. R8xf7+ Rxf7 31. Rxf7+ Bd7 32. Rxd7+ 1-0

[Event "Lansing (MI Op/2/24)"]
[Site "?"]
[Date "1996.??.??"]
[Round "?"]
[White "Moody, David"]
[Black "Wisckol, Richard"]
[Result "1/2-1/2"]
[WhiteElo "2050"]
[BlackElo "1900"]
[PlyCount "90"]
[EventDate "1996.??.??"]

{2/(24)} 1. e4 c5 2. Nf3 Nc6 3. d4 cxd4 4. Nxd4 g6 5. Nc3 Bg7 6. Be3 Nf6 7. Bc4
O-O 8. O-O Nxe4 9. Nxe4 d5 10. Nxc6 bxc6 11. Bd3 dxe4 12. Bxe4 Ba6 13. Re1 Bxb2
14. Bh6 Qxd1 15. Raxd1 Rfd8 16. Bxc6 Rac8 17. Ba4 Bc3 18. Rxd8+ Rxd8 19. Rb1
Bc4 20. Bb3 Bxb3 21. axb3 a5 22. Kf1 e5 23. Ke2 f5 24. Rd1 Rxd1 25. Kxd1 Kf7
26. Bd2 Bxd2 27. Kxd2 Ke6 28. Kd3 Kd5 29. c4+ Kc5 30. f3 h5 31. g3 Kb4 32. h4
Kc5 33. Kc3 Kc6 34. b4 axb4+ 35. Kxb4 e4 36. fxe4 fxe4 37. Kb3 Kc5 38. Kc3 e3
39. Kd3 e2 40. Kxe2 Kxc4 41. Kf3 Kd5 42. Kf4 Ke6 43. Kg5 Kf7 44. Kh6 Kf6 45.
Kh7 Kf7 1/2-1/2

[Event "Eastpointe (EDO/4/6)"]
[Site "?"]
[Date "1996.??.??"]
[Round "?"]
[White "Moody, David"]
[Black "Walquist, Elaine"]
[Result "1/2-1/2"]
[WhiteElo "2050"]
[BlackElo "1750"]
[PlyCount "36"]
[EventDate "1996.??.??"]

{4/(6)} 1. e4 c5 2. Nf3 Nc6 3. d4 cxd4 4. Nxd4 Qb6 5. Nb3 Nf6 6. Nc3 e6 7. Be3
Qc7 8. a3 a6 9. Be2 Be7 10. Qd2 b5 11. O-O O-O 12. Nd4 Nxd4 13. Bxd4 Bb7 14. f3
Bc5 15. Qe3 Bxd4 16. Qxd4 d5 17. e5 Nd7 18. f4 Qc5 1/2-1/2

[Event "Cadillac Open/2/8"]
[Site "?"]
[Date "1996.??.??"]
[Round "?"]
[White "Moody, David"]
[Black "Smalec, John"]
[Result "1-0"]
[WhiteElo "2050"]
[BlackElo "1700"]
[PlyCount "63"]
[EventDate "1996.??.??"]

{2/8} 1. Nc3 d5 2. e4 e6 3. d4 Bb4 4. e5 c5 5. a3 Bxc3+ 6. bxc3 Ne7 7. Qg4 Qc7
8. Qxg7 Rg8 9. Qxh7 cxd4 10. Kd1 Nbc6 11. Nf3 Bd7 12. cxd4 O-O-O 13. Qd3 Na5
14. a4 Nc4 15. Nd2 Nf5 16. h3 Bc6 17. g4 Nh4 18. Qg3 Nf5 19. Qf4 Nh4 20. g5 Ng6
21. Qg4 Rh8 22. h4 Ncxe5 23. dxe5 Qxe5 24. Rb1 d4 25. Bg2 d3 26. Bxc6 dxc2+ 27.
Kxc2 bxc6 28. Qb4 Qf5+ 29. Ne4 Kd7 30. Rd1+ Ke8 31. Rxd8+ Kxd8 32. Qb8+ 1-0

[Event "Kalamazoo (Mini-Swiss.1/3)"]
[Site "?"]
[Date "1996.??.??"]
[Round "?"]
[White "Moody, David"]
[Black "Semerciyan, Mike"]
[Result "1-0"]
[WhiteElo "2000"]
[BlackElo "1900"]
[PlyCount "45"]
[EventDate "1996.??.??"]

{1/(3)} 1. e4 e5 2. Nf3 Nc6 3. d4 exd4 4. Bc4 Bb4+ 5. c3 dxc3 6. O-O c2 7. Qxc2
h6 8. a3 Bf8 9. b4 a6 10. Qa2 Qe7 11. Nc3 Nd8 12. Nd5 Qd6 13. Bf4 c6 14. Bxd6
Bxd6 15. Nb6 Rb8 16. Rad1 Bc7 17. Nxc8 Rxc8 18. Qd2 d6 19. e5 d5 20. Bxd5 cxd5
21. Qxd5 Ne7 22. Qd7+ Kf8 23. Qxc7 1-0

[Event "Howell (US Am N/2/11)"]
[Site "?"]
[Date "1996.??.??"]
[Round "?"]
[White "Moody, David"]
[Black "Schell, Ken"]
[Result "1-0"]
[WhiteElo "2000"]
[BlackElo "1710"]
[PlyCount "77"]
[EventDate "1996.??.??"]

{2/(11)} 1. e4 d5 2. Nc3 dxe4 3. Nxe4 e5 4. Bc4 Nf6 5. Ng5 Nd5 6. d4 exd4 7.
Nxf7 Bb4+ 8. Bd2 Qe7+ 9. Qe2 Bxd2+ 10. Kxd2 Qxe2+ 11. Nxe2 Kxf7 12. Bxd5+ Kf6
13. Be4 Nc6 14. Bxc6 bxc6 15. Nxd4 Rd8 16. Kc3 c5 17. Nb3 Bf5 18. Nxc5 Rd5 19.
Nd3 Rad8 20. Rad1 R5d6 21. b3 Rc6+ 22. Kb2 Rcd6 23. Rhe1 Bxd3 24. Rxd3 Rxd3 25.
cxd3 Rxd3 26. Kc2 Rd7 27. Re8 Re7 28. Rxe7 Kxe7 29. Kd3 Kd7 30. Kc4 Kc6 31. b4
a6 32. a4 g5 33. b5+ axb5+ 34. axb5+ Kd6 35. f3 h5 36. g3 Ke5 37. Kc5 g4 38.
fxg4 hxg4 39. Kc6 1-0

[Event "Ann Arbor (Mini-Swiss/3/3)"]
[Site "?"]
[Date "1996.??.??"]
[Round "?"]
[White "Moody, David"]
[Black "Rotberg, Victor"]
[Result "1-0"]
[WhiteElo "2000"]
[BlackElo "1785"]
[PlyCount "53"]
[EventDate "1996.??.??"]

{3/(3)} 1. e4 c5 2. Nf3 d6 3. d4 cxd4 4. Nxd4 Nf6 5. Nc3 a6 6. Bg5 e6 7. f4 Be7
8. Qf3 Qc7 9. O-O-O Bd7 10. f5 Nc6 11. fxe6 fxe6 12. Be2 Rc8 13. Bxf6 Bxf6 14.
Ndb5 axb5 15. Nxb5 Qb6 16. Nxd6+ Ke7 17. Qa3 Nb4 18. Nxc8+ Rxc8 19. c3 Ke8 20.
Kb1 Nc6 21. Qd6 Rc7 22. Rhf1 Be7 23. Bh5+ g6 24. Qf4 Kd8 25. Qf7 Rc8 26. Qxe6
Qc7 27. Qg8+ 1-0

[Event "Howell (US Am N/6/7)"]
[Site "?"]
[Date "1996.??.??"]
[Round "?"]
[White "Moody, David"]
[Black "Rosenberg, Steve"]
[Result "1-0"]
[WhiteElo "2000"]
[BlackElo "1785"]
[PlyCount "133"]
[EventDate "1996.??.??"]

{6/(7)} 1. e4 Nf6 2. Nc3 e5 3. Bc4 Be7 4. d3 d6 5. f4 Be6 6. Bb3 Bxb3 7. axb3
Nc6 8. Nf3 Qd7 9. f5 d5 10. Qe2 d4 11. Nb1 Nb4 12. Nxe5 Qd6 13. Nc4 Qc6 14.
Nba3 b5 15. Ne5 Qc5 16. Nf3 O-O 17. O-O Ng4 18. h3 Ne5 19. Nxe5 Qxe5 20. Bf4
Qc5 21. e5 Rfe8 22. f6 Bxf6 23. Qf3 Be7 24. Bd2 Rf8 25. Bxb4 Qxb4 26. Qd5 a6
27. Rxf7 Rxf7 28. Qxa8+ Rf8 29. Qxa6 Bg5 30. Qxb5 Qd2 31. Qd5+ Kh8 32. Nc4 Qf2+
33. Kh1 Bf4 34. Qf3 Qh4 35. Rf1 h6 36. Qg4 Qxg4 37. hxg4 Kg8 38. Rf3 Bc1 39.
Rxf8+ Kxf8 40. g3 c5 41. Kg2 Kf7 42. Kf3 Ke6 43. Ke4 Bg5 44. b4 cxb4 45. Kxd4
Be7 46. Ke4 Kd7 47. Kd5 g6 48. e6+ Kc7 49. d4 h5 50. gxh5 gxh5 51. Ke5 h4 52.
gxh4 Bxh4 53. d5 b3 54. cxb3 Kd8 55. Kd6 Be7+ 56. Kc6 Ke8 57. d6 Bf6 58. d7+
Kd8 59. b4 Be7 60. b5 Bd6 61. Nxd6 Ke7 62. Kc7 Kxe6 63. d8=Q Ke5 64. Qh4 Ke6
65. Qf4 Kd5 66. Qe4+ Kc5 67. b4# 1-0

[Event "Detroit (MI Team/3/2/1)"]
[Site "?"]
[Date "1996.??.??"]
[Round "?"]
[White "Moody, David"]
[Black "Rajlich, Vasik"]
[Result "0-1"]
[WhiteElo "2000"]
[BlackElo "2195"]
[PlyCount "188"]
[EventDate "1996.??.??"]

{3/2} 1. e4 c5 2. Nf3 d6 3. d4 cxd4 4. Nxd4 Nf6 5. Nc3 a6 6. Bg5 e6 7. f4 Be7
8. Qf3 Qc7 9. O-O-O Nbd7 10. g4 b5 11. Bxf6 Nxf6 12. g5 Nd7 13. Rg1 b4 14. Nce2
Bb7 15. Ng3 g6 16. Bh3 Nc5 17. Qe3 a5 18. f5 e5 19. Nb5 Qb6 20. f6 Bf8 21. a4
bxa3 22. Nxa3 Rb8 23. Nc4 Qb4 24. Nxd6+ Bxd6 25. Rxd6 Bxe4 26. Qa3 h6 27. Qxb4
axb4 28. Nxe4 Nxe4 29. Rd5 hxg5 30. Rxe5+ Kf8 31. Rxe4 Rxh3 32. Rxg5 Rxh2 33.
Rd5 Ra8 34. b3 Rf2 35. Rd6 Rc8 36. Rc4 Re8 37. Rxb4 Kg8 38. Rc4 g5 39. Rg4 Re5
40. Kb2 Kh7 41. Kc3 Kg6 42. Kd4 Ref5 43. Rc6 Kh5 44. Rg1 g4 45. Rc8 R2f4+ 46.
Ke3 Rf3+ 47. Ke4 R3f4+ 48. Ke3 Rxf6 49. Rh1+ Kg5 50. Rg8+ Kf5 51. Rh5+ Ke6 52.
Rhg5 Rf3+ 53. Kd2 Rf2+ 54. Kc1 R6f3 55. Rxg4 Rc3 56. Re4+ Kf5 57. Rc4 Rfxc2+
58. Kd1 Rxc4 59. bxc4 Rxc4 60. Ke2 Kf4 61. Ra8 Rc2+ 62. Kf1 Rc3 63. Kf2 Rf3+
64. Kg2 Re3 65. Kf2 Rf3+ 66. Kg2 Rc3 67. Kf2 f5 68. Ra4+ Kg5 69. Ra8 Kg4 70.
Rg8+ Kf4 71. Ra8 Rf3+ 72. Kg2 Rd3 73. Kf2 Rd2+ 74. Kf1 Rd3 75. Kf2 Rc3 76. Ra4+
Kg5 77. Ra8 Rb3 78. Rg8+ Kf6 79. Rf8+ Ke6 80. Re8+ Kf7 81. Ra8 Kf6 82. Ra6+ Kg5
83. Ra8 Kg4 84. Ra4+ f4 85. Ra8 Rf3+ 86. Kg2 Re3 87. Kf2 Rf3+ 88. Kg2 Rd3 89.
Kf2 Rd2+ 90. Ke1 Rb2 91. Ra3 f3 92. Ra8 Kg3 93. Rg8+ Kh2 94. Rh8+ Kg1 0-1

[Event "Detroit (MEX/3/8)"]
[Site "?"]
[Date "1996.??.??"]
[Round "?"]
[White "Moody, David"]
[Black "Pence, Mark"]
[Result "0-1"]
[WhiteElo "2000"]
[BlackElo "2065"]
[PlyCount "46"]
[EventDate "1996.??.??"]

{3/(8)} 1. e4 c5 2. Nf3 d6 3. d4 cxd4 4. Nxd4 Nf6 5. Nc3 a6 6. f4 Qc7 7. Be2 e6
8. Be3 Be7 9. O-O Nc6 10. Qe1 Nxd4 11. Bxd4 e5 12. fxe5 dxe5 13. Be3 Bc5 14.
Bxc5 Qxc5+ 15. Kh1 h5 16. Rxf6 gxf6 17. Nd5 Be6 18. Nxf6+ Kd8 19. Rd1+ Kc7 20.
Rd3 Kb8 21. Qg3 h4 22. Qg7 Ka7 23. Nd7 Qf2 0-1

[Event "Kalamazoo (Mini-Swiss.1/1)"]
[Site "?"]
[Date "1996.??.??"]
[Round "?"]
[White "Moody, David"]
[Black "Moore, Robert"]
[Result "1-0"]
[WhiteElo "2000"]
[BlackElo "1720"]
[PlyCount "39"]
[EventDate "1996.??.??"]

{1/(1)} 1. e4 c5 2. Nf3 d6 3. d4 cxd4 4. Nxd4 Nf6 5. Nc3 a6 6. Bg5 e6 7. f4 Be7
8. Qf3 Qc7 9. O-O-O Nbd7 10. g4 b5 11. Bxf6 Nxf6 12. g5 Nd7 13. a3 g6 14. f5
Bxg5+ 15. Kb1 exf5 16. Nd5 Qc5 17. b4 Qa7 18. Qg3 h6 19. Qxd6 Bd8 20. exf5 1-0

[Event "Detroit (WCO/3/2)"]
[Site "?"]
[Date "1996.??.??"]
[Round "?"]
[White "Moody, David"]
[Black "Marson, Michael"]
[Result "1-0"]
[WhiteElo "2000"]
[BlackElo "1665"]
[PlyCount "72"]
[EventDate "1996.??.??"]

{3/(2)} 1. e4 e6 2. d4 d5 3. Nc3 Nf6 4. Bg5 Bb4 5. e5 h6 6. Bd2 Bxc3 7. bxc3
Ne4 8. Bd3 Nxd2 9. Qxd2 Qg5 10. f4 Qe7 11. Nf3 c5 12. O-O c4 13. Be2 Bd7 14. a4
b5 15. axb5 Bxb5 16. Rfb1 a6 17. Rxb5 axb5 18. Rxa8 O-O 19. Ra1 Nc6 20. Rb1 Rb8
21. g4 f6 22. g5 fxe5 23. fxe5 Kh8 24. gxh6 Rg8 25. Kh1 Qe8 26. hxg7+ Rxg7 27.
Qh6+ Rh7 28. Qf6+ Rg7 29. Rg1 Qe7 30. Qxg7+ Qxg7 31. Rxg7 Kxg7 32. Ng5 Nd8 33.
Bg4 Kg6 34. h4 Nc6 35. Bxe6 b4 36. Bxd5 b3 1-0

[Event "Detroit (MI Team/2/3/1)"]
[Site "?"]
[Date "1996.??.??"]
[Round "?"]
[White "Moody, David"]
[Black "Jenkins, C."]
[Result "1-0"]
[WhiteElo "2000"]
[BlackElo "1605"]
[PlyCount "55"]
[EventDate "1996.??.??"]

{2/3} 1. e4 e5 2. Nf3 d6 3. d4 Nc6 4. dxe5 Bg4 5. exd6 Bxf3 6. Qxf3 Qxd6 7. Nc3
Nf6 8. Bf4 Nd4 9. Bxd6 Nxf3+ 10. gxf3 Bxd6 11. O-O-O O-O 12. Bd3 Bf4+ 13. Kb1
c6 14. Ne2 Nh5 15. Nxf4 Nxf4 16. Rd2 Rad8 17. Rhd1 Ng2 18. Bf1 Rxd2 19. Rxd2
Ne1 20. Be2 Re8 21. Rd7 f5 22. Bc4+ Kh8 23. Bf7 Rf8 24. e5 Nxf3 25. e6 Ng5 26.
e7 Rxf7 27. Rd8+ Rf8 28. Rxf8# 1-0

[Event "Detroit (WCO/1/2)"]
[Site "?"]
[Date "1996.??.??"]
[Round "?"]
[White "Moody, David"]
[Black "Jenkins, C."]
[Result "1-0"]
[WhiteElo "2000"]
[BlackElo "1605"]
[PlyCount "39"]
[EventDate "1996.??.??"]

{1/(2)} 1. e4 e6 2. d4 b6 3. c4 Bb7 4. Nc3 Bb4 5. d5 Bxc3+ 6. bxc3 e5 7. Qg4 g6
8. Bg5 Ne7 9. Bf6 O-O 10. Qg5 Re8 11. h4 d6 12. h5 Nd7 13. hxg6 fxg6 14. Nf3
Nxf6 15. Qxf6 Rf8 16. Qe6+ Kh8 17. Ng5 h5 18. Rxh5+ gxh5 19. Qh6+ Kg8 20. Qh7#
1-0

[Event "Howell (US Am N/4/2)"]
[Site "?"]
[Date "1996.??.??"]
[Round "?"]
[White "Moody, David"]
[Black "Jarosz, Stan"]
[Result "1/2-1/2"]
[WhiteElo "2000"]
[BlackElo "2050"]
[PlyCount "116"]
[EventDate "1996.??.??"]

{4/(2)} 1. e4 c5 2. c3 Nf6 3. e5 Nd5 4. d4 cxd4 5. cxd4 d6 6. Nf3 Nc6 7. Bc4 e6
8. O-O Be7 9. Bxd5 exd5 10. Nc3 Be6 11. Qb3 Qb6 12. Qxb6 axb6 13. Nb5 Kd7 14.
exd6 Bxd6 15. Nxd6 Kxd6 16. Bf4+ Kd7 17. a3 f6 18. Rfc1 Rhc8 19. Rc3 Na5 20.
Nd2 Rxc3 21. bxc3 Rc8 22. Rc1 Nc4 23. Nxc4 Rxc4 24. Kf1 Bf5 25. Ke1 Ra4 26. Ra1
Kc6 27. Kd2 g5 28. Bg3 Ra5 29. h4 Rb5 30. hxg5 fxg5 31. Rh1 Rb2+ 32. Ke3 Rc2
33. Ra1 Rxc3+ 34. Ke2 Rc4 35. Ke3 b5 36. Be5 b4 37. axb4 Rxb4 38. Rc1+ Rc4 39.
Rxc4+ dxc4 40. Kd2 g4 41. Kc3 Kd5 42. Bf6 Be4 43. g3 Bf5 44. Bg5 b5 45. Be3 Bd7
46. Kb4 Ke4 47. Kc3 Kf3 48. d5 Ke4 49. Bc5 Kxd5 50. Bf8 Ke4 51. Be7 Kf3 52. Bc5
h5 53. Bb6 Ke2 54. Bd4 Be6 55. Kb4 Kd3 56. Bf6 Bd7 57. Bg7 Be8 58. Bh8 Bd7
1/2-1/2

[Event "Eastpointe (EDO/2/4)"]
[Site "?"]
[Date "1996.??.??"]
[Round "?"]
[White "Moody, David"]
[Black "Friedman, J."]
[Result "1-0"]
[WhiteElo "2050"]
[BlackElo "1760"]
[PlyCount "82"]
[EventDate "1996.??.??"]

{2/(4)} 1. e4 e5 2. Nf3 Nc6 3. d4 exd4 4. Bc4 Be7 5. c3 d6 6. cxd4 Nf6 7. Nc3
O-O 8. h3 a6 9. Bg5 b5 10. Bd3 b4 11. Ne2 Bb7 12. O-O h6 13. Bh4 Qd7 14. Qd2 a5
15. Ng3 Nd8 16. Nf5 Ne6 17. Nxe7+ Qxe7 18. e5 dxe5 19. dxe5 g5 20. exf6 Qxf6
21. Bg3 Rad8 22. Be5 Qe7 23. Qc2 f6 24. Bc4 Kh8 25. Qg6 Bd5 26. Qxh6+ Kg8 27.
Qg6+ Kh8 28. Bxd5 Rxd5 29. Bg3 Ng7 30. Rad1 Rc5 31. Rfe1 Qf7 32. Qxf7 Rxf7 33.
Rc1 Rxc1 34. Rxc1 Ne6 35. Rc6 Re7 36. Ra6 f5 37. Be5+ Kg8 38. Rxa5 g4 39. hxg4
fxg4 40. Nh2 Rd7 41. Nxg4 c5 1-0

[Event "Detroit (MEX/2/7)"]
[Site "?"]
[Date "1996.??.??"]
[Round "?"]
[White "Moody, David"]
[Black "Drkulec, Vladimir"]
[Result "0-1"]
[WhiteElo "2140"]
[BlackElo "2000"]
[PlyCount "60"]
[EventDate "1996.??.??"]

{2/(7)} 1. e4 e5 2. Nf3 Nc6 3. d4 exd4 4. Bc4 Bc5 5. c3 Nf6 6. cxd4 Bb4+ 7. Nc3
Nxe4 8. O-O Bxc3 9. d5 Ne5 10. bxc3 Nxc4 11. Qd4 O-O 12. Qxe4 Nd6 13. Qd3 f6
14. Ba3 b6 15. Bxd6 cxd6 16. Nd4 g6 17. Nb5 Ba6 18. c4 Bxb5 19. cxb5 Re8 20.
Rac1 Rc8 21. Qa3 Rxc1 22. Rxc1 Qb8 23. Qc3 Kg7 24. g3 Qb7 25. Qc7 Re1+ 26. Kg2
Qxd5+ 27. Kh3 Re5 28. Rc4 Rh5+ 29. Rh4 Rxh4+ 30. gxh4 Qf3# 0-1

[Event "Cadillac Open/4/7"]
[Site "?"]
[Date "1996.??.??"]
[Round "?"]
[White "Moody, David"]
[Black "Croel, Duane"]
[Result "1-0"]
[WhiteElo "2050"]
[BlackElo "1835"]
[PlyCount "47"]
[EventDate "1996.??.??"]

{4/7} 1. Nc3 d5 2. e4 d4 3. Nce2 e5 4. Ng3 c5 5. Nf3 Nc6 6. Bc4 h6 7. d3 Qf6 8.
h3 a6 9. O-O b5 10. Bd5 Nge7 11. Nh5 Qd6 12. Nxe5 Nxd5 13. Nxc6 Qxc6 14. exd5
Qxd5 15. Re1+ Be6 16. Nf4 Qd6 17. Nxe6 fxe6 18. Qg4 Kd7 19. Bf4 Qc6 20. Re4 g5
21. Rae1 Re8 22. Be5 Rg8 23. Qf3 Bg7 24. Qf7+ 1-0

[Event "Lansing (MI Op/4/30)"]
[Site "?"]
[Date "1996.??.??"]
[Round "?"]
[White "Moody, David"]
[Black "Brumley, Ron"]
[Result "1-0"]
[WhiteElo "2050"]
[BlackElo "1605"]
[PlyCount "39"]
[EventDate "1996.??.??"]

{4/(30)} 1. e4 e5 2. Nf3 Nc6 3. d4 exd4 4. Bc4 Bb4+ 5. c3 dxc3 6. O-O Nge7 7.
Ng5 Ne5 8. Bxf7+ Nxf7 9. Nxf7 cxb2 10. Bxb2 Kxf7 11. Qb3+ d5 12. Qxb4 dxe4 13.
Nc3 Rf8 14. Rad1 Bd7 15. Nxe4 Nf5 16. Nc5 Nd6 17. Qb3+ Kg6 18. Nxd7 Qxd7 19.
Qg3+ Kh6 20. Bc1+ 1-0

[Event "Flint (MI Jr Spon/1)"]
[Site "?"]
[Date "1996.??.??"]
[Round "?"]
[White "Moody, David"]
[Black "Brinks, K."]
[Result "1-0"]
[WhiteElo "2005"]
[BlackElo "1605"]
[PlyCount "49"]
[EventDate "1996.??.??"]

1. e4 c6 2. d4 d5 3. exd5 cxd5 4. Bd3 Nf6 5. Bf4 e6 6. Nf3 Be7 7. c3 O-O 8.
Nbd2 Nc6 9. Ne5 Bd7 10. h3 Nxe5 11. Bxe5 Qb6 12. Qc2 h6 13. g4 Ne8 14. Nf3 Bb5
15. O-O-O Bxd3 16. Qxd3 Bd6 17. Rdg1 Bxe5 18. Nxe5 Nf6 19. g5 hxg5 20. Rxg5 Qc7
21. Rhg1 g6 22. Rxg6+ fxg6 23. Qxg6+ Kh8 24. Qh6+ Qh7 25. Ng6+ 1-0

[Event "Flint (MI Jr Spon/3)"]
[Site "?"]
[Date "1996.??.??"]
[Round "?"]
[White "Moody, David"]
[Black "Bailey, Greg"]
[Result "1-0"]
[WhiteElo "2005"]
[BlackElo "2005"]
[PlyCount "51"]
[EventDate "1996.??.??"]

1. e4 c6 2. d4 d5 3. exd5 cxd5 4. Bd3 Nf6 5. Bf4 Bg4 6. f3 Bh5 7. c3 Nc6 8. Ne2
Bg6 9. O-O e6 10. Bg3 Bd6 11. Nf4 Bxd3 12. Nxd3 Bxg3 13. hxg3 Qd6 14. Qe1 O-O
15. Nd2 Nh5 16. f4 g6 17. g4 Ng7 18. Qh4 h5 19. gxh5 Nxh5 20. g4 Ng7 21. Nc5 b6
22. Nde4 dxe4 23. Nxe4 Nf5 24. gxf5 Qd8 25. f6 Nxd4 26. Ng5 1-0

[Event "Lansing (MOR/7/13)"]
[Site "?"]
[Date "1996.??.??"]
[Round "?"]
[White "Montgomery, D."]
[Black "Stockman, David"]
[Result "1-0"]
[WhiteElo "1605"]
[BlackElo "1605"]
[PlyCount "33"]
[EventDate "1996.??.??"]

{7/(13)} 1. d4 Nf6 2. c4 c5 3. d5 b5 4. b3 bxc4 5. bxc4 g6 6. Nc3 Bg7 7. Rb1 d6
8. Nf3 O-O 9. e4 Nbd7 10. Be2 Ng4 11. Qc2 Nb6 12. O-O Ba6 13. Nd2 Re8 14. Bxg4
Nxc4 15. Nxc4 Bxc4 16. Re1 Bxc3 17. Qxc3 {[Remainder illegible; 1-0, 23?]} 1-0

[Event "Lansing (MOR/4/42)"]
[Site "?"]
[Date "1996.??.??"]
[Round "?"]
[White "Montgomery, D."]
[Black "Raupp, Sarah"]
[Result "1-0"]
[WhiteElo "1605"]
[BlackElo "1605"]
[PlyCount "41"]
[EventDate "1996.??.??"]

{4/(42)} 1. d4 e6 2. Nf3 f5 3. c4 b6 4. g3 Bb7 5. Bg2 Nf6 6. O-O Be7 7. Nc3 d6
8. e3 Nbd7 9. Ng5 Bxg2 10. Nxe6 Qc8 11. Kxg2 Kf7 12. d5 Nf8 13. Ng5+ Ke8 14.
Re1 h6 15. Nf3 Kd7 16. Nd4 Qa6 17. b3 Re8 18. e4 fxe4 19. Nxe4 Nxe4 20. Qg4+
Kd8 21. Nc6# 1-0

[Event "Lansing (MOR/2/21)"]
[Site "?"]
[Date "1996.??.??"]
[Round "?"]
[White "Montgomery, D."]
[Black "Hanna, Carl"]
[Result "0-1"]
[WhiteElo "1605"]
[BlackElo "1605"]
[PlyCount "66"]
[EventDate "1996.??.??"]

{2/(21)} 1. d4 d5 2. c4 e6 3. Nc3 Nf6 4. Bg5 c6 5. Nf3 Nbd7 6. e3 Bb4 7. Rc1
Qa5 8. a3 Bxc3+ 9. Rxc3 Ne4 10. b4 Nxc3 11. Qb3 Qa4 12. Qxc3 Nf6 13. Bd3 Ne4
14. Bxe4 dxe4 15. d5 O-O 16. Nd2 exd5 17. cxd5 cxd5 18. h4 Qb5 19. h5 Bg4 20.
f3 Rac8 21. Qb2 exf3 22. gxf3 Bf5 23. h6 f6 24. hxg7 Rf7 25. Bxf6 Rfc7 26. Kf2
Rc2 27. Qe5 Rxd2+ 28. Kg3 Qd7 29. Kf4 Bg6 30. Qa1 Rg2 31. e4 dxe4 32. fxe4 Qg4+
33. Ke5 Qxe4+ 0-1

[Event "Eastpointe (EDO/1/16)"]
[Site "?"]
[Date "1996.??.??"]
[Round "?"]
[White "Montgomery, D."]
[Black "Franke, R."]
[Result "0-1"]
[WhiteElo "1605"]
[BlackElo "1800"]
[PlyCount "120"]
[EventDate "1996.??.??"]

{1/(16)} 1. d4 Nf6 2. c4 e6 3. Nc3 d5 4. Nf3 Be7 5. Bg5 O-O 6. e3 Nbd7 7. Rc1
h6 8. Bh4 c6 9. Bd3 dxc4 10. Bxc4 Nb6 11. Bb3 Nbd5 12. O-O Nxc3 13. bxc3 Ne4
14. Bxe7 Qxe7 15. Qd3 Nd6 16. Ne5 Bd7 17. f4 Rac8 18. Rf3 c5 19. Bc2 g6 20.
Nxd7 c4 21. Qe2 Qxd7 22. e4 f5 23. e5 Ne8 24. Rb1 a6 25. Rg3 Kh7 26. Rb4 b5 27.
Qf3 Qc6 28. Qxc6 Rxc6 29. a4 Rb6 30. Rb1 Nc7 31. a5 Rbb8 32. Bd1 Rbd8 33. Bf3
Nd5 34. Bxd5 Rxd5 35. Kf2 Rd7 36. h4 Rg8 37. Re3 Rb8 38. Re2 b4 39. Ra2 b3 40.
Ra4 Rc8 41. Rb4 Rc6 42. Ke3 Kg7 43. g3 Kf7 44. Rb8 Kg7 45. Rb4 Kf7 46. Rb8 Rdc7
47. Rb4 Re7 48. Rb8 Kg7 49. Ra1 h5 50. Ra4 Rd7 51. Kd2 Kf7 52. Kc1 Kg7 53. Kb2
Kf7 54. Rab4 Rdc7 55. Rh8 Kg7 56. Rbb8 Rd7 57. Rhg8+ Kh7 58. Rh8+ Kg7 59. Rbg8+
Kf7 60. Rf8+ Kg7 0-1